000 00295nam a2200133Ia 4500
005 20260328104302.0
008 260328s9999||||xx |||||||||||||| ||und||
100 _aRulfo, Juan
245 0 _aPedro Páramo /
_cJuan Rulfo
260 _bRM
300 _a132 p.
650 _aNOVELAS
942 _cBK
999 _c10617
_d10617